LEADER 02057oam 2200565zu 450 001 9910830672603321 005 20230607215334.0 010 $a1-280-56069-X 010 $a9786610560691 010 $a3-527-60196-1 035 $a(CKB)1000000000019254 035 $a(SSID)ssj0000298278 035 $a(PQKBManifestationID)11223417 035 $a(PQKBTitleCode)TC0000298278 035 $a(PQKBWorkID)10344136 035 $a(PQKB)11466991 035 $a(MiAaPQ)EBC4956842 035 $a(Au-PeEL)EBL4956842 035 $a(CaONFJC)MIL56069 035 $a(OCoLC)777633481 035 $a(EXLCZ)991000000000019254 100 $a20160829d2002 uy 101 0 $aeng 135 $aurcnu|||||||| 181 $ctxt 182 $cc 183 $acr 200 00$aHandbook of thermoplastic polyesters : homopolymers, copolymers, blends, and composites 210 31$a[Place of publication not identified]$cWiley VCH$d2002 215 $a1 online resource (1392 pages) 300 $aBibliographic Level Mode of Issuance: Monograph 311 $a3-527-30113-5 330 $aThis title covers aspects of polyester synthesis, structure, properties (chemical, physical and application relevant) and recycling. It includes the important technical polyesters homogeneous polymers as well as copolymers, and blends and high-performance reinforced polyester materials. 606 $aPolyesters 606 $aThermoplastic composites 606 $aChemical Engineering$2HILCC 606 $aChemical & Materials Engineering$2HILCC 606 $aEngineering & Applied Sciences$2HILCC 615 0$aPolyesters 615 0$aThermoplastic composites 615 7$aChemical Engineering 615 7$aChemical & Materials Engineering 615 7$aEngineering & Applied Sciences 676 $a668.4225 702 $aFakirov$b Stoyko 801 0$bPQKB 906 $aBOOK 912 $a9910830672603321 996 $aHandbook of thermoplastic polyesters : homopolymers, copolymers, blends, and composites$94020325 997 $aUNINA LEADER 04316oam 22006732 450 001 9910545197503321 005 20250807140910.0 010 $a9781351250894$belectronic book 010 $z9780815370031$bhardcover 010 $a9781351250917$belectronic book 010 $a1351250914$belectronic book 010 $a9781351250924$belectronic book 010 $a1351250922$belectronic book 010 $a9781351250900$belectronic book 010 $a1351250906$belectronic book 024 7 $a10.4324/9781351250924 035 $a(CKB)4100000007745009 035 $a(MiAaPQ)EBC5720592 035 $a(OCoLC)1080251863 035 $a(OCoLC-P)1080251863 035 $a(FlBoTFG)9781351250924 035 $a(ScCtBLL)5cd49e03-ea1b-4d28-9421-f241f6d0795e 035 $a(oapen)https://directory.doabooks.org/handle/20.500.12854/78208 035 $a(ODN)ODN0004613025 035 $a(EXLCZ)994100000007745009 100 $a20181218d2019 uy 0 101 0 $aeng 135 $aur||||||||||| 181 $ctxt$2rdacontent 182 $cc$2rdamedia 183 $acr$2rdacarrier 200 10$aGlobalizing the library $elibrarians and development work, 1945-1970 /$fAmanda Laugesen 205 $a1 ed. 210 $cTaylor & Francis$d2019 210 1$aMilton Park, Abingdon, Oxon ;$aNew York, NY :$cRoutledge,$d2019. 215 $a1 online resource (182 pages) 225 1 $aRoutledge studies in library and information science 311 08$a0-8153-7003-2 320 $aIncludes bibliographical references and index. 327 $aLibraries for the world -- Imagining the global library -- Identifying the library problem -- Making the modern library -- Making the modern librarian -- Libraries as foreign policy -- Library diplomacy and exchange. 330 $aGlobalizing the Library focuses on the globalization of information and the library in the period following the Second World War. Providing an examination of the ideas and aspirations surrounding information and the library, as well as the actual practices and actions of information professionals from the United States, Britain, and those working with organizations such as Unesco to develop library services, this book tells an important story about international history that also provides insight into the history of information, globalization, and cultural relations. Exploring efforts to help build library services and train a cohort of professional librarians around the globe, the book examines countries in Asia, Africa, and the Pacific during the period of the Cold War and decolonization. Using the ideas of 'library diplomacy' and 'library imperialism' to frame Anglo-American involvement in this work, Laugesen examines the impact library development work had on various countries. The book also considers what might have motivated nations in the global South to use foreign aid to help develop their library services and information infrastructure. Globalizing the Library prompts refl ection on the way in which library services are developed and the way professional knowledge is transferred, while also illuminating the power structures that have shaped global information infrastructures. As a result, the book should be essential reading for academics and students engaged in the study of libraries, development, and information. It should also be of great interest to information professionals and information historians who are reflecting critically on the way information has been transferred, consumed, and shaped in the modern world. 410 0$aRoutledge studies in library and information science. 606 $aInternational librarianship$xHistory$y20th century 606 $aLibrary science$zDeveloping countries$xHistory$y20th century 606 $aLibraries$zDeveloping countries$xHistory$y20th century 606 $aLibraries$xPolitical aspects 615 0$aInternational librarianship$xHistory 615 0$aLibrary science$xHistory 615 0$aLibraries$xHistory 615 0$aLibraries$xPolitical aspects. 676 $a020.621 686 $aLAN025000$2bisacsh 700 $aLaugesen$b Amanda$0769643 801 0$bOCoLC-P 801 1$bOCoLC-P 906 $aBOOK 912 $a9910545197503321 996 $aGlobalizing the library$91569192 997 $aUNINA